Experiences of test automation : Case studies of software test automation

Authors Dorothy Graham and Mark Fewster wrote the field’s seminal text, Software Test Automation, which has guided many organizations toward success. Now, in Experiences of Test Automation, they reveal test automation at work in a wide spectrum of organizations and projects, from complex government...

Volledige beschrijving

Bewaard in:
Bibliografische gegevens
Hoofdauteur: Graham, Dorothy
Formaat: Boek
Taal:Undetermined
Gepubliceerd in: Upper Saddle River, NJ Addison-Wesley 2012
Onderwerpen:
Tags: Voeg label toe
Geen labels, Wees de eerste die dit record labelt!
Thư viện lưu trữ: Trung tâm Học liệu Trường Đại học Cần Thơ
LEADER 01310nam a2200229Ia 4500
001 CTU_187875
008 210402s9999 xx 000 0 und d
020 |c 806000 
082 |a 005.30287 
082 |b G738 
100 |a Graham, Dorothy 
245 0 |a Experiences of test automation : 
245 0 |b Case studies of software test automation 
245 0 |c Dorothy Graham, Mark Fewster 
260 |a Upper Saddle River, NJ 
260 |b Addison-Wesley 
260 |c 2012 
520 |a Authors Dorothy Graham and Mark Fewster wrote the field’s seminal text, Software Test Automation, which has guided many organizations toward success. Now, in Experiences of Test Automation, they reveal test automation at work in a wide spectrum of organizations and projects, from complex government systems to medical devices, SAP business process development to Android mobile apps and cloud migrations. This book addresses both management and technical issues, describing failures and successes, brilliant ideas and disastrous decisions and, above all, offers specific lessons you can use. 
650 |a Computer software,Phần mềm máy tính 
650 |x Testing,Automation,Kiểm tra,Tự động hóa 
910 |a Thoại Linh,Hải 
980 |a Trung tâm Học liệu Trường Đại học Cần Thơ